Internal combustion engines and air pollution (Record no. 4453)

000 -LEADER
fixed length control field 00551nam a22001937a 4500
001 - CONTROL NUMBER
control field 4453
003 - CONTROL NUMBER IDENTIFIER
control field BD-DhUET
008 - FIXED-LENGTH DATA ELEMENTS--GENERAL INFORMATION
fixed length control field 141116b xxu||||| |||| 00| 0 eng d
020 ## - INTERNATIONAL STANDARD BOOK NUMBER
International Standard Book Number 0352045600
040 ## - CATALOGING SOURCE
Transcribing agency 0
Modifying agency BD-DhUET
082 ## - DEWEY DECIMAL CLASSIFICATION NUMBER
Classification number 621.43
Item number OBE/1973
100 ## - MAIN ENTRY--PERSONAL NAME
Personal name Obert, Edward F.
245 ## - TITLE STATEMENT
Title Internal combustion engines and air pollution
Remainder of title based on internal combustion engines
250 ## - EDITION STATEMENT
Edition statement 3rd ed.
260 ## - PUBLICATION, DISTRIBUTION, ETC. (IMPRINT)
Place of publication, distribution, etc. New York
Name of publisher, distributor, etc. Intext Educational Publishers
Date of publication, distribution, etc. 1973
300 ## - PHYSICAL DESCRIPTION
Extent xiii, 740 p.
Other physical details ill.
650 #0 - SUBJECT ADDED ENTRY--TOPICAL TERM
Topical term or geographic name as entry element Internal combustion engines
942 ## - ADDED ENTRY ELEMENTS (KOHA)
Koha item type General Book
Holdings
Copy number Piece designation (barcode) Koha issues (times borrowed) Koha full call number Damaged status Koha item type Price effective from Lost status Koha date last seen Koha date last borrowed Koha normalized classification for sorting Location (home branch) Sublocation or collection (holding branch) Shelving location Source of classification or shelving scheme Not for loan Withdrawn status Date acquired
 421131621.43/OBE/1973 General Book2014-11-16 2015-10-122014-11-16621_000000000000000_43OBE1973Central Library, BUETCentral Library, BUETCirculation section   2014-11-16
2421113621.43/OBE/1973 General Book2015-04-13 2018-02-172018-02-03621_430000000000000_OBE_1973Central Library, BUETCentral Library, BUETCirculation section   2015-04-13
342105 621.43/OBE/1973 Reading Item2015-06-16 2015-06-16 621_430000000000000_OBE_1973Central Library, BUETCentral Library, BUETReading section   2015-06-16
448959 621.43/OBE/1973 Reading Item2015-06-30 2015-06-30 621_430000000000000_OBE_1973Central Library, BUETCentral Library, BUETReading section   2015-06-30
542108 621.43/OBE/1973 Reading Item2015-07-02 2015-07-02 621_430000000000000_OBE_1973Central Library, BUETCentral Library, BUETReading section   2015-07-02
648939 621.43/OBE/1973 Reading Item2015-07-04 2015-07-04 621_430000000000000_OBE_1973Central Library, BUETCentral Library, BUETReading section   2015-07-04